Taylor Swift - Sweet Nothing (Lyrics) - Statistics

General Stats
  • This quiz has been taken 1,414 times
  • The average score is 205 of 246
Answer Stats
Answer % Correct
I
99%
a
98%
sweet
97%
you
97%
You
97%
"You
97%
you,
97%
nothing
96%
the
96%
ever
95%
your
95%
in
94%
to
94%
To
94%
my
93%
They
93%
they
93%
up
93%
is
92%
That
92%
that
92%
All
91%
all
91%
coming
91%
end
91%
something
91%
said
90%
Everyone's
89%
it
89%
and
88%
And
88%
was
88%
we
88%
We
88%
for
87%
with
87%
me
86%
wanted
86%
You're
85%
kitchen
84%
little
84%
eye
83%
from
83%
home
83%
spy
83%
humming
82%
July
82%
last
82%
nothings
82%
say,
82%
a-running
81%
On
80%
myself
79%
picked
78%
push
78%
as
77%
time
77%
tired
77%
"What
77%
poem
76%
This
76%
way
76%
I'm
75%
shoving
75%
Tiny
75%
happens
74%
out
74%
pocket
74%
wrote
74%
almost
73%
deep
73%
forgot
73%
inside
73%
mind"
73%
pebble
73%
firefly,
72%
Does
70%
found
69%
of
68%
too
68%
be
67%
just
67%
they're
67%
Down
66%
Outside
66%
sometimes?
64%
can
63%
should
62%
soft
62%
doing
61%
more"
61%
voices
61%
admit
60%
miss
59%
implore,
56%
'Cause
54%
Industry
53%
smooth
53%
talking
53%
each
51%
other
51%
Wicklow
49%
soul
47%
glad
41%
deconstructors
37%
disruptors
34%
hucksters
31%
handling
17%
No matching quizzes found
Score Distribution
Percent of People with Each Score
Percentile by Number Answered
Your Score History
You have not taken this quiz